000 00921nmm a2200277 a 4500
001 ocm0001349887
003 TR-IsHL
005 20201028160940.0
008 161016s2012 tu tur
007 cr cn
020 _a9786051313221
035 _a1349887
_b(N$T)
050 0 4 _aT212
_b.A83
090 0 4 _aT212
_b.A83
100 1 _aAsal, Yusuf
245 1 0 _aÇılgın mucitler
_h[electronic resource] /
_cYusuf Asal ; resimleyen Volkan Akmeşe
260 _aİstanbul :
_bNesil Çocuk Yayınları,
_c2012
300 _a209 p.
650 4 _aMühendislik ve Teknoloji
650 4 _aEngineering and Technology
650 0 _aYaratıcılık yeteneği, Teknolojide
650 0 _aCreative ability in technology
650 7 _aTECHNOLOGY & ENGINEERING / Inventions
_2bisacsh
700 1 _aAkmeşe, Volkan
856 4 0 _uhttp://search.ebscohost.com/login.aspx?direct=true&scope=site&db=e011xww&AN=1349887
999 _c13865
_d13865